| 000 | 00591cam a2200205ua 4500 | ||
|---|---|---|---|
| 001 | 22113 | ||
| 008 | 160906n II |||gr||||Z||||||asm | ||
| 020 | _a9788172132934 | ||
| 040 | _aMAIN | ||
| 041 | _aEnglish | ||
| 082 | _a954.035 MAH | ||
| 100 |
_aMAHANTA, BAP CHANDRA., _eAUTHOR. |
||
| 245 | _aBHARATAR RASTRIYA ITIHASH (A Critical Analysis on the Evolution of Indian Nationalism) | ||
| 250 | _a1st. | ||
| 260 |
_aGUWAHATI _bPURBANCHAL PRAKASH _c2016. |
||
| 300 |
_a240: _c20CM. |
||
| 653 | _aFreedom Movement of India | ||
| 700 |
_aMAHANTA ABHINABH PRAKASH, _eEDITOR. |
||
| 942 | _cBK | ||
| 999 |
_c21973 _d21973 |
||